| 000 | 00727nam a2200241Ia 4500 | ||
|---|---|---|---|
| 003 | OSt | ||
| 005 | 20220924132623.0 | ||
| 006 | a|||||r|||| 00| 0 | ||
| 007 | ta | ||
| 008 | 220923b |||||||| |||| 00| 0 san d | ||
| 024 | _a74739 | ||
| 037 | _cTextual | ||
| 040 |
_aARTS _cARTS _bsan |
||
| 041 |
_2san _asan |
||
| 082 | _aR641xJ90:1, 15G3;L5-;1 (P15) | ||
| 100 | _aNarayana | ||
| 245 | 0 | _aManameyodaya (An elementary treatise on the Mimamsa) ed with English. tr by C Kunhan Raja and S S Suryanarayana Sastri | |
| 260 | _c1975 | ||
| 490 | _aAdyar library series; 105 | ||
| 650 | _aBHATT MIMAMSA | ||
| 942 |
_hR641xJ90:1, 15G3;L5-;1 (P15) _cTEXL _2CC |
||
| 999 |
_c430889 _d430889 |
||